Notiz über funfzehn neue Ausgrabungen kufischer Münzen in Russland, als Ergänzung zu Ch.M.Fraehn's Topographischer Uebersicht der Ausgrabungen von altem arabischen Gelde in Russland (Запись № 9687225)

Подробности
000 -МАРКЕР
контрольное поле 01114nam0a22002771 4500
001 - ИДЕНТИФИКАТОР ЗАПИСИ
контрольное поле RU\NLR\INFOCOMM19\ROSSICA\1000001056
005 - ИДЕНТИФИКАТОР ВЕРСИИ
контрольное поле 20250613193747.0
035 ## - ДРУГИЕ СИСТЕМНЫЕ НОМЕРА
Идентификатор записи (NLR Aleph) 009979365
100 ## - ДАННЫЕ ОБЩЕЙ ОБРАБОТКИ
Данные общей обработки 20030923d1844 |||y0rusy50 ca
101 0# - ЯЗЫК РЕСУРСА
Язык текста, звукозаписи и т.д. немецкий
102 ## - СТРАНА ПУБЛИКАЦИИ ИЛИ ПРОИЗВОДСТВА
Страна публикации российская федерация
105 ## - ПОЛЕ КОДИРОВАННЫХ ДАННЫХ: ТЕКСТОВЫЕ МАТЕРИАЛЫ, МОНОГРАФИЧЕСКИЕ
Кодированные данные о монографическом текстовом документе y ||||000ay
200 1# - ЗАГЛАВИЕ И СВЕДЕНИЯ ОБ ОТВЕТСТВЕННОСТИ
Основное заглавие Notiz über funfzehn neue Ausgrabungen kufischer Münzen in Russland, als Ergänzung zu Ch.M.Fraehn's Topographischer Uebersicht der Ausgrabungen von altem arabischen Gelde in Russland
Первые сведения об ответственности Paul Saweljeff
210 ## - ПУБЛИКАЦИЯ, РАСПРОСТРАНЕНИЕ И ДР.
Место издания, распространения и т.д. St.Petersburg
Дата издания, распространения и т.д. 1844
215 ## - ФИЗИЧЕСКАЯ ХАРАКТЕРИСТИКА
Размеры
422 #0 - ИЗДАНИЕ, К КОТОРОМУ ОТНОСИТСЯ ПРИЛОЖЕНИЕ
Встроенное поле 2001#$aTopographischer Uebersicht der Ausgrabungen von altem arabischen Gelde in Russland
-- 700#1$aFraehn$bCh.M.
Заглавие Topographischer Uebersicht der Ausgrabungen von altem arabischen Gelde in Russland
Автор Fraehn, Ch.M.
700 #1 - ИМЯ ЛИЦА - ПЕРВИЧНАЯ ОТВЕТСТВЕННОСТЬ
Системный номер авторитетной/нормативной записи z01790
Начальный элемент ввода Saveljev
Часть имени, кроме начального элемента ввода P.S.
Даты 1814-1859
Расширение инициалов личного имени Pavel Stepanovič
Код отношения Автор
790 #1 - ИМЯ ЛИЦА - АЛЬТЕРНАТИВНАЯ ФОРМА
Системный номер авторитетной/нормативной записи z01700
Начальный элемент ввода Saweljeff
Часть имени, кроме начального элемента ввода P.
Расширение инициалов личного имени Paul
Код отношения Автор
801 #1 - ИСТОЧНИК ЗАПИСИ
Страна российская федерация
Организация InfoComm
Дата составления 20030923
801 #0 - ИСТОЧНИК ЗАПИСИ
Страна российская федерация
Организация NLR
Правила каталогизации PSBO
852 ## - МЕСТОНАХОЖДЕНИЕ И ШИФР ХРАНЕНИЯ
Идентификатор организации NLR
Шифр хранения (Call Number) 12.43.2.1972
942 ## - ДОПОЛНИТЕЛЬНЫЕ ЭЛЕМЕНТЫ ЗАПИСИ (АБИС)
Тип экземпляра АБИС Книга
980 ## - КОЛЛЕКЦИЯ
Название коллекции Национальная библиография
980 ## - КОЛЛЕКЦИЯ
Название коллекции Россика
Экземпляры
Тип экземпляра Дата поступления Библиотека постоянного хранения Библиотека текущего хранения Место хранения Шифр хранения Штрих-код Статус не для выдачи
Книга 26.10.2013 РНБ (Садовая) РНБ (Садовая) Иностранный книжный фонд, главное здание (Садовая) 12.43.2.1972 9979365-10